Reflexión teórico-metodológica sobre el poder, el amor en las relaciones de pareja/ Nancy Piedra Guillén
Sparad:
| Huvudupphovsman: | |
|---|---|
| Materialtyp: | Bok |
| Språk: | Spanish |
| Publicerad: |
San José, Costa Rica
2004
|
| Serie: | Jornadas de Investigación. Instituto de Investigaciones Sociales/UCR
|
| Ämnen: | |
| Taggar: |
Lägg till en tagg
Inga taggar, Lägg till första taggen!
|
MARC
| LEADER | 00000nam a22000007a 4500 | ||
|---|---|---|---|
| 003 | cru CIDCACS/IIS | ||
| 005 | 20200807062542.0 | ||
| 008 | 190628b CR ||||| |||| 00| 0 spa d | ||
| 999 | |c 42268 |d 42268 | ||
| 040 | |c cru CIDCACS/IIS | ||
| 100 | 1 | |9 5086 |a Piedra Guillén, Nancy | |
| 245 | |a Reflexión teórico-metodológica sobre el poder, el amor en las relaciones de pareja/ |b Nancy Piedra Guillén | ||
| 260 | |a San José, Costa Rica |c 2004 | ||
| 300 | |a 27 páginas |b fotocopia | ||
| 440 | |9 8434 |a Jornadas de Investigación. Instituto de Investigaciones Sociales/UCR | ||
| 650 | 0 | |9 2808 |a RELACIONES DE GENERO | |
| 650 | 0 | |9 3754 |a RELACIONES DE PODER | |
| 650 | 0 | |9 690 |a HOMBRES | |
| 650 | 0 | |9 88 |a MUJERES | |
| 650 | 0 | |9 4630 |a AMOR | |
| 651 | 0 | |a COSTA RICA. |z ALAJUELA |9 3796 | |
| 651 | 0 | |9 3815 |a CARTAGO | |
| 651 | 0 | |9 3821 |a HEREDIA | |
| 651 | 0 | |9 3820 |a SAN JOSE | |
| 942 | |2 ddc |c PP | ||
| 773 | 0 | |0 41865 |9 2966 |a Universidad de Costa Rica. |d San Pedro de Monstes de Oca, Costa Rica: IIS |o 03372 |t Jornadas de Investigación / | |
